Ambient Assisted Living 6. AAL-Kongress 2013 Berlin, Germany, January 22. - 23. , 2013 /

In this book, leading authors in the field discuss development of Ambient Assisted Living. The contributions have been chosen and invited at the 6th AAL congress, Berlin. It presents new technological developments which support the autonomy and independence of individuals with special needs. As the...

Full description

Bibliographic Details
Corporate Author: SpringerLink (Online service)
Other Authors: Wichert, Reiner (Editor), Klausing, Helmut (Editor)
Format: Electronic eBook
Language:English
Published: Berlin, Heidelberg : Springer Berlin Heidelberg : Imprint: Springer, 2014.
Series:Advanced Technologies and Societal Change,
Subjects:
Online Access:Full Text via HEAL-Link
LEADER 02537nam a22005175i 4500
001 978-3-642-37988-8
003 DE-He213
005 20151030031207.0
007 cr nn 008mamaa
008 131121s2014 gw | s |||| 0|eng d
020 |a 9783642379888  |9 978-3-642-37988-8 
024 7 |a 10.1007/978-3-642-37988-8  |2 doi 
040 |d GrThAP 
050 4 |a R856-857 
072 7 |a MQW  |2 bicssc 
072 7 |a TEC009000  |2 bisacsh 
082 0 4 |a 610.28  |2 23 
245 1 0 |a Ambient Assisted Living  |h [electronic resource] :  |b 6. AAL-Kongress 2013 Berlin, Germany, January 22. - 23. , 2013 /  |c edited by Reiner Wichert, Helmut Klausing. 
264 1 |a Berlin, Heidelberg :  |b Springer Berlin Heidelberg :  |b Imprint: Springer,  |c 2014. 
300 |a XIV, 356 p. 163 illus.  |b online resource. 
336 |a text  |b txt  |2 rdacontent 
337 |a computer  |b c  |2 rdamedia 
338 |a online resource  |b cr  |2 rdacarrier 
347 |a text file  |b PDF  |2 rda 
490 1 |a Advanced Technologies and Societal Change,  |x 2191-6853 
505 0 |a Sensor Technology -- Assistance and Robotic Systems -- Activity Recognition -- Evaluation, User Acceptance and Usability -- Platforms -- Interaction -- Training Systems -- Community Conclusions. 
520 |a In this book, leading authors in the field discuss development of Ambient Assisted Living. The contributions have been chosen and invited at the 6th AAL congress, Berlin. It presents new technological developments which support the autonomy and independence of individuals with special needs. As the technological innovation raises also social issues, the book addresses micro and macro economical aspects of assistive systems and puts  an additional emphasis  on the ethical and legal discussion. The presentation is supported by real world examples and applications. 
650 0 |a Engineering. 
650 0 |a Geriatrics. 
650 0 |a Biomedical engineering. 
650 0 |a Economic policy. 
650 0 |a Aging. 
650 1 4 |a Engineering. 
650 2 4 |a Biomedical Engineering. 
650 2 4 |a R & D/Technology Policy. 
650 2 4 |a Aging. 
650 2 4 |a Geriatrics/Gerontology. 
700 1 |a Wichert, Reiner.  |e editor. 
700 1 |a Klausing, Helmut.  |e editor. 
710 2 |a SpringerLink (Online service) 
773 0 |t Springer eBooks 
776 0 8 |i Printed edition:  |z 9783642379871 
830 0 |a Advanced Technologies and Societal Change,  |x 2191-6853 
856 4 0 |u http://dx.doi.org/10.1007/978-3-642-37988-8  |z Full Text via HEAL-Link 
912 |a ZDB-2-ENG 
950 |a Engineering (Springer-11647)